000 00993nam a2200241 i 4500
001 59135
003 ES-MaACL
005 20251114102517.0
007 t|
008 031027s1955 sp ||||1| spa d
100 0 _aCorchón García, Justo.
_940485
245 1 0 _aBibliografía geográfica extremeña
_b: precedida de una Introducción al estudio geográfico de la Alta Extremadura /
_cPor... J. Corchón García ; prólogo José Manuel Casas Torres.
260 _aBadajoz :
_bDiputación Provincial Extremeña,
_c1955.
300 _a768 p. :
_blám., map. ;
_c25 cm.
490 1 _aEnciclopedia Extremeña ;
_v1
500 _aPrecede al tít.: Diputación Provincial de Badajoz.
651 4 _aExtremadura-
_vBibliografías.
_9168511
700 1 _aCasas Torres, José Manuel,
_d1916-2010
_936236
710 1 _aBadajoz (Provincia).
_bDiputación Provincial
_92081
830 0 _aEnciclopedia Extremeña ;
_v1
_9230503
852 _aES-MaACL
_jP-979
999 _c59135
_d59135